| 000 | 00926cam a22002054a 4500 | ||
|---|---|---|---|
| 005 | 20250605164049.0 | ||
| 008 | 250528s ||||||||||||||||||||||||d | ||
| 035 | _a17214 | ||
| 020 | _a201098962 | ||
| 040 |
_aGR-AtMCL _bgre _dGR-AtMCL _eAACR2 |
||
| 245 | 1 | _aEconometrics / An Introduction | |
| 260 |
_bAmerican Psychological Association, _c1988 |
||
| 300 | _a440 | ||
| 520 | _aIncludes CD-Rom. A Review of Statistics, The Algebra of Least Squares Regression, The Classical Linear Regression Model, Inference in Normal Linear Regression, Dummy Variables and Tests of More General Hypotheses, The Analysis of Cross-Section Data, The Analysis of Time Series Data, Sur and Simultaneous Equations, Statistical Tables, Using Hummer, Variable Descriptions and Data on the Hummer Diskette, Index. | ||
| 700 | 1 |
_aSilver Lew J _93379 |
|
| 700 | 1 |
_aWallace Dudley T _93380 |
|
| 942 | _cBK | ||
| 999 |
_c2647 _d2647 |
||